| 000 | 00977nam a2200289 a 4500 | ||
|---|---|---|---|
| 001 | BRCA_5541 | ||
| 005 | 20190320205126.0 | ||
| 008 | 280311s1903----enk#######---#000-0#ger-# | ||
| 041 | _ager | ||
| 044 | _aenk | ||
| 050 | 4 |
_aND631 _b.V64 1 _c1903 |
|
| 100 | 1 |
_aVoll, Karl _913889 |
|
| 245 | 1 | 0 |
_aDie Meisterwerke der Königl Gemalde-Galerie im Haag und der Galerie der Stadt Haarlem mit einleitdem: text von Karl Voll _cVoll, Karl |
| 260 |
_aLondres _bF. Hanfstaengl _c1903 |
||
| 300 |
_aXIXp. _bIls. 110 _c27 cm. |
||
| 500 | _aHanfstaengls Maler-Klassiker: Die Meisterwerke die Bedeutendsten Galerien Europas. | ||
| 500 | _aLas pastas están un poco desgastadas | ||
| 500 | _aEjemplar igual a Y4 | ||
| 500 | _aF17 | ||
| 650 | 1 | 4 |
_aPintura holandesa _99393 |
| 650 | 1 | 4 |
_aPintores holandeses _914137 |
| 650 | 1 | 4 |
_aPintura _xHistoria _914138 |
| 650 | 1 | 4 |
_aGalerias y Museos _zHolanda _97615 |
| 650 | 1 | 4 |
_aPintura _zPaíses Bajos. _913692 |
| 902 | _aGFM | ||
| 942 |
_2lcc _cB |
||
| 999 |
_c5235 _d5235 |
||